Brawl Stars Esports Quiz #1 - Statistics

General Stats
  • This quiz has been taken 82 times
  • The average score is 8 of 12
Answer Stats
Question Answer % Correct
Who played Kit in Heist, and made 0-11? Juan Carlos
89%
What map is not competitive
84%
Who is the real Tensai?
83%
Which team did NOT participate in Brawl Cup 2025? Team Heretics
81%
What country is Angelboy from? Ukraine
77%
Which team won the 2022 World Finals? ZETA DIVISION ZERO
73%
Which 2 teams qualified for the World Finals 2025 via the LCQ?
70%
Who won the World Finals twice? Achapi
63%
What is the real 2021 WF Grandfinal?
56%
Since when was Siege removed from esports? 2022
53%
Which organization is blacklisted by Brawl Esports for unpaid player salaries? Chasmac Gaming
52%
Since what year is it allowed to use hypercharges? 2024
45%
No matching quizzes found
Score Distribution
Percent of People with Each Score
Percentile by Number Answered
Your Score History
You have not taken this quiz